| 000 | 00519cam a2200145 4500500 | ||
|---|---|---|---|
| 005 | 20251012020602.0 | ||
| 041 | _afre | ||
| 042 | _adc | ||
| 100 | 1 | 0 |
_aBorras, Alphonse _eauthor |
| 245 | 0 | 0 | _aVicaires forains, archiprêtres et doyens. Les vicissitudes actuelles de la fonction décanale |
| 260 | _c2005. | ||
| 500 | _a89 | ||
| 786 | 0 | _nL'Année canonique | XLVII | 1 | 2005-02-11 | p. 89-110 | 0570-1953 | |
| 856 | 4 | 1 | _uhttps://shs.cairn.info/revue-l-annee-canonique-2005-1-page-89?lang=fr&redirect-ssocas=7080 |
| 999 |
_c1536100 _d1536100 |
||